000 005820000a22001330004500
001 13056
041 0 _aSPA
082 0 4 _aAV 0006
245 1 0 _aWorld alliance of reformed churches / UP Date
300 _a7 Pag
500 _aFolletos
505 0 0 _a- Comité ejecutivo de la ARM de 1993 en estocolmo - Voces reformadas en Santiago - ¿Por qué consolidar, interpelar y transformar? - Las mujeres se reúnen en Venezuela... - Y claman su identidad en Bélgica - La cruz en el Sudán - En marcha hacia el ecumenismo más amplio - El centro John Knox festejó sus 40 años
942 _cBK
999 _c42050
_d42050